000 00438nam a2200145Ia 4500
008 230917s9999||||xx |||||||||||||| ||und||
040 _e40828
_aMAIN
041 _aEnglish
082 _a973.2 N173U
100 _aNash, Gary B
245 0 _aUrban crucible: Social change, political consciousness and the origins of the American revolution
260 _aCambridge
_bHarvard University Press
_c1979
300 _axix, 548 p.
942 _cBK
999 _c226050
_d226050